| 000 | 00485nam a2200169Ia 4500 | ||
|---|---|---|---|
| 999 |
_c22474 _d22474 |
||
| 003 | OSt | ||
| 005 | 20200518141621.0 | ||
| 008 | 190216s9999||||xx |||||||||||||| ||und|| | ||
| 020 | _a8120607139 | ||
| 040 | _coclc | ||
| 082 |
_a297.954 _bHER/Q |
||
| 100 |
_aHerklots, G A _92400 |
||
| 245 | 0 |
_aQanoon-E-Islam / _cG A Herklots |
|
| 250 | _a2nd Ed. | ||
| 260 |
_bAsian Educational Services, _c1991. _aNew Delhi: |
||
| 942 |
_cBK _2ddc _h297.954 _iHER/Q _k297.954 _mHER/Q |
||